[Event "Croce di Magara op"]
[Site "Camigliatello"]
[Date "2005.09.17"]
[Round "6"]
[White "Paletta, Giuseppe"]
[Black "Iannicella, Simone"]
[Result "1-0"]
[WhiteElo "1715"]
[BlackElo "1458"]
[PlyCount "53"]
[EventDate "2005.09.10"]
[EventType "swiss"]
[EventRounds "9"]
[EventCountry "ITA"]
[SourceTitle "EXT 2007"]
[Source "ChessBase"]
[SourceDate "2006.11.23"]
[SourceVersion "1"]
[SourceVersionDate "2006.11.23"]
[SourceQuality "1"]

1. e4 e5 2. f4 exf4 3. Nf3 d5 4. exd5 Qxd5 5. d4 Bg4 6. Nc3 Bb4 7. Be2 g5 8. 0-0 Bxc3 9. bxc3 h6 10. c4 Qe4 11. Bb2 Nd7 12. Bd3 Qe7 13. Re1 Be6 14. d5 Ngf6 15. dxe6 fxe6 16. Bg6+ Kf8 17. a4 Kg7 18. Bd3 g4 19. Ne5 Nxe5 20. Rxe5 Rad8 21. Qe2 h5 22. Rxe6 Qc5+ 23. Kh1 Rdf8 24. Re1 g3 25. Re5 Qb6 26. Rg5+ Kh6 27. Rg6+ 1-0

[Event "Croce di Magara op"]
[Site "Camigliatello"]
[Date "2005.09.11"]
[Round "4"]
[White "Olivo, Paolo"]
[Black "Iannicella, Simone"]
[Result "1-0"]
[WhiteElo "1691"]
[BlackElo "1458"]
[PlyCount "49"]
[EventDate "2005.09.10"]
[EventType "swiss"]
[EventRounds "9"]
[EventCountry "ITA"]
[SourceTitle "EXT 2007"]
[Source "ChessBase"]
[SourceDate "2006.11.23"]
[SourceVersion "1"]
[SourceVersionDate "2006.11.23"]
[SourceQuality "1"]

1. d4 d5 2. c4 c6 3. Nc3 Nf6 4. Bg5 e6 5. e4 dxe4 6. Nxe4 Nbd7 7. a3 h6 8. Nxf6+ Nxf6 9. Bh4 Be7 10. Nf3 0-0 11. Bd3 c5 12. dxc5 Bxc5 13. 0-0 Re8 14. Qc2 b6 15. Rad1 Qe7 16. Rfe1 Bd6 17. Be4 Rb8 18. Bxf6 gxf6 19. Qd2 Rd8 20. Qxh6 Qc7 21. Qxf6 Bb7 22. Ng5 Bxh2+ 23. Kh1 Be5 24. Bh7+ Kf8 25. Nxe6+ 1-0